|
|
|
|
| LEADER |
02261nam a2200445 a 4500 |
| 001 |
nkc20132510138 |
| 003 |
CZ PrNK |
| 005 |
20140117075436.0 |
| 007 |
ta |
| 008 |
131030s2013 xr e 100 0 ruso |
| 015 |
|
|
|a cnb002510138
|
| 020 |
|
|
|a 978-80-87786-66-6
|q (brož.)
|
| 035 |
|
|
|a (OCoLC)867820709
|
| 040 |
|
|
|a OLA001
|b cze
|
| 072 |
|
7 |
|a 159.9
|x Psychologie
|2 Konspekt
|9 17
|
| 080 |
|
|
|a 159.9
|2 MRF
|
| 080 |
|
|
|a 001.83
|2 MRF
|
| 080 |
|
|
|a (062.534)
|2 MRF
|
| 111 |
2 |
|
|a Sovremennaja psichologija na perekrestke jestestvennych i social'nych nauk: problemy meždisciplinarnogo sinteza
|d (2013 :
|c Praha, Česko)
|7 olak2013799009
|
| 245 |
1 |
0 |
|a Sovremennaja psichologija na perekrestke jestestvennych i social'nych nauk: problemy meždisciplinarnogo sinteza :
|b materialy meždunarodnoj naučno-praktičeskoj konferencii 10-11 oktjabrja 2013 goda /
|c [redakcionnaja kollegija Kirillov Ivan L'vovič, Gorodeckaja Irina Vladimirovna, Devjatych Sergej Jur'jevič]
|
| 260 |
|
|
|a Praga :
|b Vědecko vydavatelské centrum "Sociosféra - CZ",
|c 2013
|
| 300 |
|
|
|a 75 s. ;
|c 21 cm
|
| 500 |
|
|
|a Nad názvem: Naučno-izdatel'skij centr "Sociosfera", FGNU "Institut psichologo-pedagogičeskich problem detstva" RAO, Vitebskij gosudarstvennyj ordena Družby narodov medicinskij universitet
|
| 500 |
|
|
|a 100 výt.
|
| 650 |
0 |
7 |
|a psychologie
|7 ph115948
|x interdisciplinární aspekty
|2 czenas
|
| 650 |
0 |
9 |
|a psychology
|x interdisciplinary aspects
|2 eczenas
|
| 655 |
|
7 |
|a sborníky konferencí
|7 fd133333
|2 czenas
|
| 655 |
|
9 |
|a proceedings of conferences
|2 eczenas
|
| 700 |
1 |
|
|a Kirillov, Ivan L'vovič
|7 ola2013792996
|4 edt
|
| 700 |
1 |
|
|a Gorodeckaja, Irina Vladimirovna
|4 edt
|
| 700 |
1 |
|
|a Devjatych, Sergej Jur'jevič
|7 mzk2013788907
|4 edt
|
| 710 |
2 |
|
|a Naučno-izdatel'skij centr "Sociosfera"
|7 olak2013751839
|
| 710 |
2 |
|
|a Institut psichologo-pedagogičeskich problem detstva (Rossijskaja akademija obrazovanija)
|7 olak2013751845
|
| 710 |
2 |
|
|a Vitebskij gosudarstvennyj ordena Družby narodov medicinskij universitet
|7 olak2013751852
|
| 910 |
2 |
|
|a BOA001
|b 2-1316.020
|
| 928 |
9 |
|
|a Sociosféra - CZ
|
| 990 |
|
|
|a BK
|
| 995 |
|
|
|a 01
|
| 991 |
|
|
|b 201401
|c NOV
|e n
|
| 996 |
6 |
|
|b 2610573244
|c 2-1316.020
|l MZK
|r Sklad / do 1 hodiny
|n 0
|p p.v.
|w 001387996
|u 000010
|a 1
|e BOA001
|j MZK50
|s P
|